00366nam a2200133 a 45000010010000000030011000100080041000210350026000620820014000881000030001022450031001322600050001636500019002130000-8841ELIB.Books110520 1990  a(ELIB.Books)0000-8987 a270 bSch aSchattschneider, allen W. aThrough five hundred years bU.S. A: The Moravian Church in America c1990 aChurch History